000 00487nam a2200157 i 4500
001 66225
003 ES-MaACL
005 20230906165555.0
007 t|
008 040129s1961 sp ||||1| spa d
100 1 _aGalán Gutiérrez, Eustaquio.
_953314
245 1 0 _aIus naturae
_b: (lecciones de cátedra) /
_cEustaquio Galán y Gutiérrez.
260 _aMadrid :
_b[s.n.],
_c1961 (
_fSucs. de Rivadeneyra)
300 _a2 v., lám. ;
_c25 cm.
852 _aES-MaACL
_jC-44557-8
_bR.49181
999 _c66225
_d66225